مكتبة جامعة عجلون الوطنية

فهرس بحث المكتبة

Normal view MARC view
  • اللغة العربية-اللغة-اللغة العربية نصوص ومهارات

Entry Topical Term

Number of records used in: 1

001 - CONTROL NUMBER

  • control field: 13831

003 - CONTROL NUMBER IDENTIFIER

  • control field: JO-AjAnu

005 - DATE AND TIME OF LATEST TRANSACTION

  • control field: 20230606072518.0

008 - FIXED-LENGTH DATA ELEMENTS

  • fixed length control field: 230606|| aca||aabn | a|a d

040 ## - CATALOGING SOURCE

  • Original cataloging agency: JO-AjAnu
  • Transcribing agency: JO-AjAnu

150 ## - HEADING--TOPICAL TERM

  • Topical term or geographic name entry element: اللغة العربية-اللغة-اللغة العربية نصوص ومهارات

670 ## - SOURCE DATA FOUND

  • Source citation: Work cat.: (JO-AjAnu)7112: اعداد: العلم ،ابراهيم؛عمر شكارنة؛زين العابدين العواودة؛محمود أبو كته؛ياسر الملاح, author 13830, اللغة العربية نصوص ومهارات